000 00599nam a2200193Ia 4500
005 20250508163303.0
008 008 250505s9999 xx 000 0 eng d
037 _aTheses
040 _aFEDL
_beng
_cFEDL
041 _aeng
_2eng
084 _a370, SIY/TH
_qFEDL
100 _aSiya Ram
245 0 _aEvaluation of correspondence education in terms of cost and academic performance (with special reference to Meerut University)
260 _c1984
300 _axiv,297p.
546 _aPh. D. Thesis, (Meerut University)
942 _cTH
_h370, SIY/TH
999 _c1382056
_d1382056